000
00296nam a22001337a 4500
008
180226b xxu||||| |||| 00| 0 eng d
020
_a
46995
041
_a
eng
080
_a
617
100
_a
6
101
_a
ANE
245
_a
Anesthesia for Infants and Children
_c
Smith, R.M
942
_2
udc
_c
BK
999
_c
43518
_d
43518